Uplatňovanie odpočítateľnej položky na zdravotné poistenie v roku 2016

Odpočítateľná položka na zdravotné poistenie - kto si ju môže uplatniť. Výška mesačnej a ročnej odpočítateľnej položky na zdravotné poistenie. Výpočet čistej mzdy zamestnanca, ktorý si u zamestnávateľa uplatňuje odpočítateľnú položku na zdravotné poistenie (rok 2016).

Salvato in:
Dettagli Bibliografici
Autore principale: Rabatinová, Marcela, 1977-
Natura: Capitolo di libro
Lingua:slovacco
Soggetti:
Tags: Aggiungi Tag
Nessun Tag, puoi essere il primo ad aggiungerne!!

MARC

LEADER 00000naa a2200000 4500
001 0210857
005 20240502073518.9
041 0 |a slo 
044 |a SK 
245 1 0 |a Uplatňovanie odpočítateľnej položky na zdravotné poistenie v roku 2016  |c Marcela Rabatinová 
520 |a Odpočítateľná položka na zdravotné poistenie - kto si ju môže uplatniť. Výška mesačnej a ročnej odpočítateľnej položky na zdravotné poistenie. Výpočet čistej mzdy zamestnanca, ktorý si u zamestnávateľa uplatňuje odpočítateľnú položku na zdravotné poistenie (rok 2016). 
610 2 0 |a zamestnanci 
610 2 0 |a poistenie zdravotné 
610 2 0 |a odvody 
610 2 0 |a mzdy 
100 1 |a Rabatinová, Marcela, 1977-